00334nam a2200133Ia 450000500170000000800410001705000240005824500400008226000220012230000350014444000060017952100070018552600080019220140405095818.0140130s9999 xx 000 0 und d aPZ 8.9b.F85Po 1978 cTreeman, DonaA pocket for corduroy bScholastic,c1978 a32 p. : bcol. ill. ;c 21 cm. v1 aG4 c660